[Event "Llinars del Valles op-B 13th"]
[Site "Llinars del Valles"]
[Date "2019.05.18"]
[Round "5"]
[White "Bautista Sarmiento, Joel"]
[Black "Lopez Torralba, Oscar"]
[Result "0-1"]
[WhiteElo "1377"]
[BlackElo "1504"]
[PlyCount "98"]
[EventDate "2019.03.30"]
[EventType "swiss"]
[EventRounds "8"]
[EventCountry "ESP"]
[SourceTitle "EXT 2020"]
[Source "ChessBase"]
[SourceDate "2019.10.17"]
[SourceVersion "1"]
[SourceVersionDate "2019.10.17"]
[SourceQuality "1"]

1. d4 Nf6 2. Nf3 e6 3. Bf4 d5 4. e3 Be7 5. Nbd2 Nbd7 6. Bd3 c5 7. c3 b6 8. Bb5 Bb7 9. dxc5 bxc5 10. Qb3 0-0 11. c4 Nb6 12. Ne5 d4 13. Bc6 Qc8 14. Qb5 Rd8 15. Bxb7 Qxb7 16. Nc6 Re8 17. a4 Rec8 18. Nxe7+ Qxe7 19. a5 Nbd7 20. exd4 cxd4 21. 0-0 a6 22. Qb7 e5 23. Rfe1 Qd8 24. Bxe5 Nxe5 25. Rxe5 Rcb8 26. Qf3 Rxb2 27. Ne4 Rab8 28. Qd3 h6 29. Nd2 Qd6 30. Re2 Qf4 31. g3 Qd6 32. Rb1 Qc5 33. Rxb2 Rxb2 34. Nb3 Qa3 35. Rxb2 Qxb2 36. c5 Ng4 37. Qxd4 Qxb3 38. Qxg4 Qb1+ 39. Kg2 Qb7+ 40. Qf3 Qc7 41. Qa8+ Kh7 42. Qxa6 Qxc5 43. Qd3+ g6 44. a6 Qc6+ 45. f3 Qb6 46. Qc4 Kg7 47. Kh3 h5 48. Qe2 Kh6 49. f4 Kg7 0-1